000 03066nam0a2200445 4500
001 RU\NLR\BIBL_A\022651288
005 20260119112914.0
010 _a978-5-8291-4394-7
_91000
021 _aRU
_bКН-П-25-054510
_9КН-П-25-5260
035 _a(NLR Aleph) 022651288
090 _a13533059
_c13533059
100 _a20251022d2025 k y0rusy50 ca
101 0 _arus
102 _aRU
105 _aa z 001yy
181 0 _ai
_bxxxe
182 0 _an
200 1 _aИсторические корни волшебной сказки
_eмонография
_fВ. Я. Пропп
203 _aТекст
_bвизуальный
_cнепосредственный
210 _aМосква
_cАкадемический проект
_d2025
215 _a423 с.
_cил.
_d22
225 1 _aЯзык: Теории и практики
320 _aБиблиогр. в подстроч. примеч.
320 _aИмен. указ.: с. 413–417
320 _aУказ. персонажей: с. 418–422
320 _aДругая кн. авт. в аннот.
327 1 _aВ кн. включены ст.: Мотив, функция, стиль и классовый рефлекс в сказке / А. И. Никифоров. Книга В. Я. Проппа "Исторические корни волшебной сказки" и ее значение для современного исследования сказки / В. И. Еремина. Рецензия на книгу В. Я. Проппа "Исторические корни волшебной сказки" / В. М. Жирмунский
464 0 _12001#$aМотив, функция, стиль и классовый рефлекс в сказке$fА. И. Никифоров
_1700#1$aНикифоров$bА. И.$f1893-1942$cфилолог, этнограф, фольклорист$3RU\NLR\AUTH\770288660$gАлександр Исаакович
464 0 _12001#$aКнига В. Я. Проппа "Исторические корни волшебной сказки" и ее значение для современного исследования сказки$fВ. И. Еремина
_1700#1$aЕремина$bВ. И.$f1938-$gВалерия Игоревна$3RU\NLR\AUTH\7732247
464 0 _12001#$aРецензия на книгу В. Я. Проппа "Исторические корни волшебной сказки"$fВ. М. Жирмунский
_1700#1$aЖирмунский$bВ. М.$f1891-1971$gВиктор Максимович$3RU\NLR\AUTH\7756567
606 1 _aСказка
_2nlr_sh1
_2nlr_sh2
_3RU\NLR\AUTH\661019016
606 1 _aСказки русские
_2nlr_sh1
_2nlr_sh2
_3RU\NLR\AUTH\66166301
606 1 _aВолшебные сказки русские
_2nlr_sh1
_2nlr_sh2
_3RU\NLR\AUTH\66238655
686 1 _aШ201.31
686 1 _aШ3(2=1Р)-615.1
700 1 _aПропп
_bВ. Я.
_f1895-1970
_gВладимир Яковлевич
_3RU\NLR\AUTH\771924
942 _cBOOK
980 _aNB